Localization Factors and Its Influence on Business Value

Lokalizačné kategórie a kategórie lokalizácie podniku. Faktory lokalizácie podniku a ich vplyv na obchodnú hodnotu podniku (diagnostická analýza metóda PESTEL).

Guardado en:
Detalles Bibliográficos
Autor principal: Švejdová, Nikola
Formato: Capítulo de libro
Lenguaje:inglés
Materias:
Etiquetas: Agregar Etiqueta
Sin Etiquetas, Sea el primero en etiquetar este registro!

MARC

LEADER 00000nla a2200000 4500
001 0214107
005 20240502073558.6
041 0 |a eng 
044 |a SK 
245 1 0 |a Localization Factors and Its Influence on Business Value  |c Nikola Švejdová 
520 |a Lokalizačné kategórie a kategórie lokalizácie podniku. Faktory lokalizácie podniku a ich vplyv na obchodnú hodnotu podniku (diagnostická analýza metóda PESTEL). 
610 2 0 |a lokalizácia 
610 2 0 |a modely lokačné 
610 2 0 |a diagnostika podniková 
610 2 0 |a hodnota podniku 
100 1 |a Švejdová, Nikola